| 000 | 00450nam a22001697a 4500 | ||
|---|---|---|---|
| 999 |
_c524457 _d524457 |
||
| 003 | NUST | ||
| 038 | _awaseem | ||
| 082 |
_a891.421 _bSHO |
||
| 100 |
_aShooq, Gulam Rasool _915275 |
||
| 245 |
_aGhar Da Boha / _cGulam Rssool Shooq |
||
| 260 |
_aFaisalabad : _bSafi publications, _c1979. |
||
| 300 | _a168 p. ; | ||
| 500 | _aHardcover | ||
| 880 |
_6100-01\r _aغلام رسول شوق |
||
| 880 |
_6245-02\r _aگھردا بوھا / |
||
| 942 |
_2ddc _cBK |
||